00386 a2200169 450000100060000002000150000604000370002110000200005824000400007824500350011830000070015336200090016044000120016965000110018194200070019299900170019974442 a8502028286 cAnchieta - Colégio São Paulo aAndriolo, Arley10aViver e morar no século XVIIlpor10aViver e morar no século XVII a470 a1999 1aSaraiva 4aBrasil cBK c74442d74442